U.S. States That Don't Use the Letter "E" - Statistics

General Stats
  • This quiz has been taken 62 times
  • The average score is 27 of 30
Answer Stats
Answer % Correct
Alabama
98%
Alaska
98%
California
98%
Hawaii
98%
Idaho
96%
Kansas
96%
North Dakota
96%
South Dakota
96%
Arizona
95%
Florida
93%
Virginia
93%
Washington
93%
Arkansas
91%
Louisiana
91%
North Carolina
91%
Ohio
91%
South Carolina
91%
Illinois
89%
Indiana
89%
Iowa
89%
Michigan
89%
Mississippi
89%
Utah
89%
Wyoming
89%
Missouri
88%
Maryland
86%
Montana
86%
Colorado
82%
Wisconsin
82%
Oklahoma
79%
No matching quizzes found
Score Distribution
Percent of People with Each Score
Percentile by Number Answered
Your Score History
You have not taken this quiz